000 00365nam a2200133Ia 4500
008 240624s9999 xx 000 0 und d
041 _aeng
082 _a658.155 KON
100 _aKONDABAGIL JAYARAM
245 _aRISK MANAGEMENT IN ELECTRONIC BANKING CO
260 _c2007
_aSingapore
_bJohn Wiley and Sons
300 _axxi, : 259 : p. : cm. ; 23
365 _c
_b30
999 _c11942
_d11942